| 000 | 01089cam a22003497a 4500 | ||
|---|---|---|---|
| 003 | CHAP | ||
| 005 | 20220329141452.0 | ||
| 008 | 971013s1982 r 00010 d | ||
| 010 | _a68651 | ||
| 011 | _a69623 | ||
| 035 | _a79100 | ||
| 040 | _cCHAP | ||
| 082 |
_a333.0972 _bC68 |
||
| 100 | 0 | 0 |
_aCortina, Concepción. _928316 |
| 245 | 1 | 3 |
_aLa tenencia de la tierra _b: leyes e instituciones que la respaldan |
| 260 |
_aMéxico : _bArbol Editorial, _c1982 |
||
| 300 |
_a120 p. _b: ilus. |
||
| 490 | 0 | _aColección cántaro | |
| 500 | _a31-42 | ||
| 590 |
_aBATCH-UPD _b10 _c20130110 _lUCH01 _h0651 |
||
| 590 |
_aBATCH-UPD _b10 _c20130410 _lUCH01 _h0336 |
||
| 590 |
_aBATCH-UPD _b10 _c20130914 _lUCH01 _h1003 |
||
| 590 |
_aCONVERSION _b10 _c20130109 _lUCH01 _h1338 |
||
| 650 | 1 | 4 |
_aCrédito agrícola. _929022 |
| 650 | 1 | 4 |
_aEjidos. _936002 |
| 650 | 1 | 4 |
_aTierras comunales. _9113271 |
| 650 | 1 | 4 |
_aTierras _xTenencia _xLeyes. _9113179 |
| 830 | 0 | 0 |
_aColección cántaro _924756 |
| 901 | _aBK | ||
| 942 | _cLIBRO | ||
| 949 |
_a333.0972 C68 _bBC _cLIBRO _d33724000322665 _eLIBRO _h75699 _i79100 _si _t6.00 |
||
| 999 |
_c68651 _d68651 |
||